[Event "AUTO-OPEN-740"]
[Site "http://www.queenalice.com/game.php?id=239651"]
[Date "2007.7.14"]
[Round "1"]
[White "Halcon99"]
[Black "ItsYouThatIAdore"]
[Result "1-0"]
[WhiteElo "1753"]
[BlackElo "1824"]

1. c4 e5 2. Nc3 Nf6 3. e4 c6 4. d3 d5 5. cxd5 cxd5 6. Bg5 d4 7. Nd5 Be7 8. Bxf6
gxf6 9. Qd2 Nc6 10. a3 Na5 11. Qc2 Nc6 12. b4 Be6 13. Nxe7 Nxe7 14. Be2 Rc8 15.
Qa4+ Nc6 16. Nf3 a6 17. O-O Rg8 18. Rfc1 Bd7 19. Qd1 f5 20. Nd2 Qg5 21. g3 f4
22. Nf3 Qg7 23. Rc2 fxg3 24. fxg3 Qh6 25. Rac1 Bh3 26. Qe1 Rd8 27. Bf1 Bg4 28.
Bg2 Ne7 29. Nxe5 1-0

[Event "AUTO-OPEN-740"]
[Site "http://www.queenalice.com/game.php?id=239652"]
[Date "2007.7.14"]
[Round "1"]
[White "ItsYouThatIAdore"]
[Black "Halcon99"]
[Result "0-1"]
[WhiteElo "1763"]
[BlackElo "1739"]

1. d4 d5 2. c4 e6 3. Nf3 Nc6 4. b3 Nf6 5. e3 Be7 6. Bd3 O-O 7. Bb2 a5 8. O-O Nb4
9. h4 Ne4 10. h5 Nxd3 11. Qxd3 f5 12. Ne5 Qe8 13. h6 Qh5 14. hxg7 Rf6 15. f3 Ng3
16. Re1 Rh6 17. cxd5 Qh2+ 18. Kf2 Bh4 0-1

[Event "AUTO-OPEN-740"]
[Site "http://www.queenalice.com/game.php?id=239653"]
[Date "2007.7.14"]
[Round "1"]
[White "Halcon99"]
[Black "Bobby_Fischer"]
[Result "1-0"]
[WhiteElo "1843"]
[BlackElo "1726"]

1. c4 e5 2. Nc3 Nf6 3. e4 Bb4 4. Nge2 Nc6 5. a3 Bxc3 6. Nxc3 O-O 7. Be2 Nd4 8.
d3 Nxe2 9. Qxe2 c6 10. Bg5 h6 11. Bh4 d6 12. O-O Qe7 13. b4 Qe6 14. f4 exf4 15.
Rxf4 Qe5 16. Qd2 Ng4 17. Bg3 Qd4+ 18. Kh1 Be6 19. Re1 Bxc4 20. Rxg4 Be6 21. Rf4
a5 22. Ne2 Qa7 23. Ra1 axb4 24. Qxb4 Qe3 25. Nc3 Qxd3 26. Rd1 Qe3 27. Rf3 Qa7
28. Bxd6 Rfc8 29. Bc5 Qa5 30. Rfd3 Qxb4 31. axb4 Bc4 32. R3d2 Kh7 33. e5 Re8 34.
Bd6 Ra3 35. Ne4 Re3 36. Nc5 b6 37. Nd7 Bb3 38. Rc1 Rd8 39. Nxb6 f6 40. h3 fxe5
41. Bc5 Rxd2 42. Bxe3 Re2 43. Bc5 Rd2 44. Re1 Bd5 45. Nxd5 Rxd5 46. Kg1 Kg6 47.
Rf1 e4 48. Kf2 Rf5+ 49. Ke2 Rxf1 50. Kxf1 Kf5 51. Kf2 h5 52. Ke3 g5 53. Bd6 h4
54. g3 Ke6 55. Bc5 hxg3 56. Kxe4 g2 57. Kf3 Kf5 58. Kxg2 g4 59. hxg4+ Kxg4 60.
Kf2 Kf4 61. Ke2 Ke4 62. Kd2 1-0

[Event "AUTO-OPEN-740"]
[Site "http://www.queenalice.com/game.php?id=239654"]
[Date "2007.7.14"]
[Round "1"]
[White "Bobby_Fischer"]
[Black "Halcon99"]
[Result "1-0"]
[WhiteElo "1784"]
[BlackElo "1799"]

1. Nf3 d6 2. d4 Nf6 3. c4 e6 4. Nc3 Bd7 5. e4 c5 6. e5 Ng8 7. dxc5 dxc5 8. Be2
g6 9. O-O Bg7 10. Ne4 b6 11. Qd6 Ne7 12. Bg5 Nbc6 13. Bf6 O-O 14. Rad1 Nf5 15.
Qxd7 Qxd7 16. Rxd7 Nfd4 17. Nxd4 Nxd4 18. Bd1 Bxf6 19. exf6 Rfd8 20. Rxd8+ Rxd8
21. Ba4 Nf5 22. Rd1 Rxd1+ 23. Bxd1 h5 24. b3 Kf8 25. f3 Ke8 26. h3 Kd7 27. g4
hxg4 28. hxg4 Ne3 29. Be2 Nc2 30. Ng5 Ke8 31. Kg2 Nb4 32. a3 Nc6 33. f4 Nd4 34.
Bd1 a5 35. Kf2 Nc6 36. Ke3 Nd4 37. b4 axb4 38. axb4 Nc6 39. Ba4 1-0

[Event "Let's Play Chess!"]
[Site "http://www.queenalice.com/game.php?id=276034"]
[Date "2007.9.27"]
[Round "-"]
[White "mateus_amorim"]
[Black "Halcon99"]
[Result "1-0"]
[WhiteElo "1818"]
[BlackElo "1883"]

1. g3 g6 2. Nf3 Bg7 3. Bg2 d6 4. d4 Nf6 5. O-O O-O 6. Re1 c6 7. c4 Nbd7 8. Nc3
d5 9. cxd5 cxd5 10. Qb3 Nb6 11. a4 a5 12. e3 1-0

[Event "AUTO-ADV-661"]
[Site "http://www.queenalice.com/game.php?id=277597"]
[Date "2007.9.27"]
[Round "1"]
[White "jolin_sim"]
[Black "Halcon99"]
[Result "1-0"]
[WhiteElo "1847"]
[BlackElo "1798"]

1. d4 d5 2. Nf3 Nf6 3. Bf4 g6 4. e3 Bg7 5. Be2 O-O 6. Nbd2 Nbd7 7. c3 Nb6 8. O-O
c6 9. Bd3 Nh5 10. Bg5 f6 11. Bh4 f5 12. Qc2 Qe8 13. c4 1-0

[Event "AUTO-ADV-661"]
[Site "http://www.queenalice.com/game.php?id=277598"]
[Date "2007.9.27"]
[Round "1"]
[White "Halcon99"]
[Black "jolin_sim"]
[Result "0-1"]
[WhiteElo "1784"]
[BlackElo "1861"]

1. c4 c5 2. Nc3 d6 3. e4 Bd7 4. Be2 Nf6 5. d3 g6 6. Nf3 Bg7 7. O-O Nc6 8. Rb1
O-O 9. a3 Bg4 10. Nd5 e6 11. Ne3 Bxf3 12. Bxf3 Nd4 13. b4 Nxf3+ 14. Qxf3 b6 15.
b5 a6 0-1

[Event "AUTO-ADV-661"]
[Site "http://www.queenalice.com/game.php?id=277611"]
[Date "2007.9.27"]
[Round "1"]
[White "Halcon99"]
[Black "Moro08"]
[Result "1-0"]
[WhiteElo "1782"]
[BlackElo "1596"]

1. c4 e5 2. Nc3 Nf6 3. e4 Bc5 4. Be2 d6 5. a3 Ng4 6. Bxg4 Qh4 7. g3 Qxg4 8. Qxg4
Bxg4 9. Nge2 Bf3 10. Rg1 Nc6 11. b4 Bb6 12. Nd5 Bxe4 13. Nxb6 1-0

[Event "AUTO-ADV-661"]
[Site "http://www.queenalice.com/game.php?id=277612"]
[Date "2007.9.27"]
[Round "1"]
[White "Moro08"]
[Black "Halcon99"]
[Result "0-1"]
[WhiteElo "1605"]
[BlackElo "1773"]

1. d4 d5 2. c4 e6 3. Nc3 Ne7 4. Nf3 Ng6 5. e4 Bb4 6. Bd3 O-O 7. cxd5 exd5 8. e5
Bg4 9. Be3 c6 10. h3 Bxf3 11. Qxf3 Nd7 12. O-O Qe7 13. Qg4 b5 0-1

[Event "AUTO-ADV-661"]
[Site "http://www.queenalice.com/game.php?id=277613"]
[Date "2007.9.27"]
[Round "1"]
[White "Halcon99"]
[Black "Dougtzu"]
[Result "0-1"]
[WhiteElo "1816"]
[BlackElo "1776"]

1. c4 Nf6 2. Nc3 c5 3. e4 d6 4. Nf3 g6 5. Be2 Bg7 6. O-O Nc6 7. a3 O-O 8. d3 a6
9. Nd5 Nxd5 10. exd5 Nd4 11. Nxd4 Bxd4 12. Rb1 b5 13. b4 Qb6 14. Bf3 Bf5 15. Be3
cxb4 16. Bxd4 Qxd4 17. Rxb4 Qxd3 0-1

[Event "AUTO-ADV-661"]
[Site "http://www.queenalice.com/game.php?id=277614"]
[Date "2007.9.27"]
[Round "1"]
[White "Dougtzu"]
[Black "Halcon99"]
[Result "1-0"]
[WhiteElo "1762"]
[BlackElo "1802"]

1. d4 d5 2. c4 Nf6 3. Nc3 c6 4. Nf3 e6 5. Bg5 Be7 6. Qc2 Nbd7 7. e3 O-O 8. cxd5
Nxd5 9. Nxd5 exd5 10. Bxe7 Qxe7 11. Bd3 g6 12. O-O Nb6 13. Rfe1 Bg4 14. Ne5 Be6
15. g3 f5 16. g4 Qh4 17. f3 fxg4 18. fxg4 Rf6 19. Rf1 Raf8 20. Qg2 Nc4 21. Rxf6
Rxf6 22. b3 Nxe3 23. Qe2 Nxg4 24. Nxg4 Qxg4+ 25. Qxg4 Bxg4 26. Re1 Kf7 27. h4 h5
28. Kg2 Bf5 29. Bxf5 Rxf5 30. Kg3 a5 31. Re3 b5 32. Rc3 Rf6 33. Rc5 Ke7 34. a4
bxa4 35. bxa4 Kd6 36. Rxa5 Re6 37. Ra8 1-0

[Event "AUTO-ADV-673"]
[Site "http://www.queenalice.com/game.php?id=283161"]
[Date "2007.10.8"]
[Round "1"]
[White "Blackadder"]
[Black "Halcon99"]
[Result "1-0"]
[WhiteElo "2015"]
[BlackElo "1853"]

1. e4 e5 2. d4 exd4 3. Qxd4 Nc6 4. Qd1 Be7 5. Nf3 d6 6. Nc3 Bg4 7. Be2 Nf6 8.
Be3 O-O 9. O-O Nd7 10. Nd5 Be6 11. c4 Bxd5 12. exd5 Nce5 13. b3 Nxf3+ 14. gxf3
Bf6 15. Rc1 b6 16. Kh1 1-0

[Event "AUTO-ADV-673"]
[Site "http://www.queenalice.com/game.php?id=283162"]
[Date "2007.10.8"]
[Round "1"]
[White "Halcon99"]
[Black "Blackadder"]
[Result "0-1"]
[WhiteElo "1843"]
[BlackElo "2025"]

1. c4 f5 2. Nc3 e5 3. e4 Nf6 4. d3 Bb4 5. Qb3 Nc6 6. Bg5 O-O 7. O-O-O a5 8. Nf3
d6 9. Nd5 a4 10. Qc2 fxe4 11. dxe4 Bg4 12. h3 Bxf3 13. gxf3 a3 14. b3 Bc5 15.
Bxf6 gxf6 16. Qd2 Nd4 0-1

[Event "AUTO-ADV-673"]
[Site "http://www.queenalice.com/game.php?id=283177"]
[Date "2007.10.8"]
[Round "1"]
[White "anderson_amorim89"]
[Black "Halcon99"]
[Result "1-0"]
[WhiteElo "2009"]
[BlackElo "1825"]

1. e4 e5 2. Nf3 d6 3. d3 Bg4 4. Be2 Be7 5. Be3 Nf6 6. Nbd2 O-O 7. h3 Bh5 8. g4
Bg6 9. Nh4 Nfd7 10. Nf5 Bxf5 11. exf5 Nf6 12. g5 Nd5 13. h4 f6 14. g6 1-0

[Event "AUTO-ADV-673"]
[Site "http://www.queenalice.com/game.php?id=283178"]
[Date "2007.10.8"]
[Round "1"]
[White "Halcon99"]
[Black "anderson_amorim89"]
[Result "0-1"]
[WhiteElo "1834"]
[BlackElo "2000"]

1. c4 e6 2. Nc3 b6 3. e4 Bb7 4. Nf3 Bb4 5. Bd3 Ne7 6. Qb3 Nbc6 7. a3 Bxc3 8.
Qxc3 O-O 9. Bc2 Ng6 10. d4 d6 11. d5 Nce5 12. Nxe5 dxe5 0-1

[Event "AUTO-ADV-673"]
[Site "http://www.queenalice.com/game.php?id=283188"]
[Date "2007.10.8"]
[Round "1"]
[White "Halcon99"]
[Black "DenisDiaz"]
[Result "0-1"]
[WhiteElo "1784"]
[BlackElo "2009"]

1. c4 e6 2. Nc3 Nf6 3. e4 Bb4 4. Qc2 b6 5. Nge2 e5 6. a3 Bxc3 7. bxc3 Bb7 8. Ng3
d6 9. Be2 Nbd7 10. O-O O-O 11. d4 Re8 12. Bg5 h6 13. Bxf6 Nxf6 14. d5 c6 15.
Rad1 cxd5 16. cxd5 Nd7 17. Nf5 Qc7 18. Qd3 Nc5 19. Qg3 g6 20. Nxh6+ Kf8 21. Qe3
Kg7 22. Ng4 Rh8 23. h3 Rh7 24. f4 f5 25. exf5 gxf5 26. Nf2 e4 27. c4 Qf7 28. Kh2
Rah8 29. Rh1 Qf6 30. g4 Bc8 31. g5 Qg6 32. Rhg1 Kf8 33. Rg3 Bd7 34. Rdg1 Rh4 35.
Kg2 Ke7 36. Qc3 Rg8 37. Qf6+ Qxf6 38. gxf6+ Kf7 39. Rxg8 Kxg8 40. Kh2+ Kf8 41.
Rg7 Rh6 42. Rg5 Rxf6 43. h4 a6 44. Nd1 Rh6 45. Kg3 Kf7 46. Ne3 Kf6 47. h5 Nb3
0-1

[Event "AUTO-OPEN-720"]
[Site "http://www.queenalice.com/game.php?id=286941"]
[Date "2007.10.15"]
[Round "2"]
[White "Halcon99"]
[Black "bepke"]
[Result "0-1"]
[WhiteElo "1856"]
[BlackElo "2214"]

1. c4 c6 2. Nc3 d5 3. cxd5 cxd5 4. d4 Nf6 5. e3 Nc6 6. Bb5 e6 7. Nge2 Bd6 8. O-O
O-O 9. a3 Bd7 10. b4 a5 0-1

[Event "AUTO-OPEN-740"]
[Site "http://www.queenalice.com/game.php?id=318762"]
[Date "2007.12.12"]
[Round "2"]
[White "changchnps"]
[Black "Halcon99"]
[Result "1-0"]
[WhiteElo "1830"]
[BlackElo "1763"]

1. Nf3 Nc6 2. g3 e6 3. Bg2 Be7 4. O-O Nf6 5. c4 d5 6. cxd5 exd5 7. d3 Bg4 8. h3
Bh5 9. Nc3 h6 10. a3 O-O 11. Bf4 Bxf3 12. Bxf3 Bc5 13. Nb5 Bb6 14. e4 a6 15. Nc3
Nd4 16. Bg2 c6 17. Na4 Ne6 18. Be3 Bxe3 19. fxe3 b5 20. exd5 cxd5 21. Nc3 Rb8
22. Qb3 d4 23. exd4 Qxd4+ 24. Kh2 Nc5 25. Qb4 Qxb4 26. axb4 1-0

[Event "AUTO-OPEN-740"]
[Site "http://www.queenalice.com/game.php?id=318763"]
[Date "2007.12.12"]
[Round "2"]
[White "Halcon99"]
[Black "changchnps"]
[Result "0-1"]
[WhiteElo "1777"]
[BlackElo "1816"]

1. c4 Nf6 2. Nc3 g6 3. e4 d6 4. d4 Bg7 5. Nf3 Bg4 6. Be2 O-O 7. O-O Nbd7 8. Be3
c6 9. Nd2 Bxe2 10. Qxe2 e5 11. d5 a6 12. a4 a5 13. Rac1 h6 14. f4 cxd5 15. cxd5
Nh7 16. Nb5 exf4 17. Bxf4 Ne5 18. b3 Qh4 19. Bg3 Qg4 20. Qxg4 Nxg4 21. Nxd6 Bd4+
22. Kh1 Be5 23. Bxe5 Nxe5 0-1